000 00215nam a2200085Ia 4500
008 120527s9999 xx 000 0 und d
100 _aPEGETS, Carl.
245 _aSystem analysis for production operation.
942 _cBK
999 _c24212
_d24212